A new Housing Bill (Record no. 73323)

MARC details
000 -LEADER
fixed length control field 01375cam a2200265 4500
001 - CONTROL NUMBER
control field ABS66991
008 - FIXED-LENGTH DATA ELEMENTS--GENERAL INFORMATION
fixed length control field 030902n2003 000 0 eng u
035 ## - SYSTEM CONTROL NUMBER
System control number (Sirsi) u123451
100 ## - MAIN ENTRY--PERSONAL NAME
Personal name Hopkins, P.
245 #2 - TITLE STATEMENT
Title A new Housing Bill
Medium [electronic resource]
260 ## - PUBLICATION, DISTRIBUTION, ETC.
Date of publication, distribution, etc. 2003
490 ## - SERIES STATEMENT
Series statement Letting Update Journal
Volume/sequential designation 11(2) July 2003,10-11(2)
520 ## - SUMMARY, ETC.
Summary, etc. Analyses the government's latest reforms for the private rented market as set out in the draft Housing Bill published 31 March 2003. Covers the introduction of a new mandatory licensing scheme to protect tenants living in houses in multiple occupation (HMOs), the replacement of the housing fitness standard with the Housing Health and Safety Rating System (HHSRS) and selective licensing of private landlords. Looks at interim and final management orders, overcrowding notices and a number of other topics in less detail.
590 ## - LOCAL NOTE (RLIN)
Local note ABS
650 ## - SUBJECT ADDED ENTRY--TOPICAL TERM
Topical term or geographic name entry element HOUSES IN MULTIPLE OCCUPATION
650 ## - SUBJECT ADDED ENTRY--TOPICAL TERM
Topical term or geographic name entry element HOUSING BILL
650 ## - SUBJECT ADDED ENTRY--TOPICAL TERM
Topical term or geographic name entry element MANDATORY LICENSING
650 ## - SUBJECT ADDED ENTRY--TOPICAL TERM
Topical term or geographic name entry element HOUSING FITNESS STANDARD
650 ## - SUBJECT ADDED ENTRY--TOPICAL TERM
Topical term or geographic name entry element HOUSING HEALTH AND SAFETY RATING SYSTEM
650 ## - SUBJECT ADDED ENTRY--TOPICAL TERM
Topical term or geographic name entry element LICENSING OF HOUSES IN MULTIPLE OCCUPATION
650 ## - SUBJECT ADDED ENTRY--TOPICAL TERM
Topical term or geographic name entry element OVERCROWDING
690 ## - LOCAL SUBJECT ADDED ENTRY--TOPICAL TERM (OCLC, RLIN)
Topical term or geographic name as entry element HOUSING-PRIVATE RENTED SECTOR
856 ## - ELECTRONIC LOCATION AND ACCESS
Uniform Resource Identifier <a href="https://www.letlink.co.uk/LUJ/lujdatastore/pdfComplete/2003july.pdf">https://www.letlink.co.uk/LUJ/lujdatastore/pdfComplete/2003july.pdf</a>
Public note View the article at www.letlink.co.uk
942 ## - ADDED ENTRY ELEMENTS (KOHA)
Suppress in OPAC 0
Holdings
Withdrawn status Lost status Source of classification or shelving scheme Damaged status Not for loan Home library Current library Shelving location Date acquired Total Checkouts Full call number Barcode Date last seen Copy number Price effective from Koha item type
    Dewey Decimal Classification     London London Journal article 02/09/2003   ABS66991 123451-1001 06/08/2019 1 06/08/2019 Journal article